[Event "HUN-chT2 Szechenyi 1415"]
[Site "Hungary"]
[Date "2015.03.01"]
[Round "9.11"]
[White "Szabo, Mate"]
[Black "Janus, Tamas"]
[Result "1-0"]
[WhiteElo "1594"]
[BlackElo "1653"]
[PlyCount "59"]
[EventDate "2014.09.07"]
[EventType "team-tourn"]
[EventRounds "11"]
[EventCountry "HUN"]
[SourceTitle "EXT 2016"]
[Source "ChessBase"]
[SourceDate "2015.10.08"]
[SourceVersion "1"]
[SourceVersionDate "2015.10.08"]
[SourceQuality "1"]
[WhiteTeam "Sarvar"]
[BlackTeam "Papa"]
[WhiteTeamCountry "HUN"]
[BlackTeamCountry "HUN"]

1. d4 d5 2. Nf3 Nf6 3. Bf4 e6 4. e3 c5 5. c3 Nc6 6. Nbd2 a6 7. a4 cxd4 8. exd4 Bd6 9. Bxd6 Qxd6 10. Be2 0-0 11. 0-0 Re8 12. Re1 e5 13. dxe5 Nxe5 14. Nxe5 Qxe5 15. Bf3 Qxe1+ 16. Qxe1 Rxe1+ 17. Rxe1 Bd7 18. a5 Rc8 19. Re5 Re8 20. Rxe8+ Bxe8 21. Nb3 Ne4 22. Nd4 Nf6 23. c4 Bc6 24. Nxc6 bxc6 25. cxd5 cxd5 26. Be2 Kf8 27. Bxa6 Ke8 28. f3 Kd8 29. Kf2 d4 30. Bc4 1-0

[Event "Borsod-chT2 1415"]
[Site "Hungary"]
[Date "2014.09.28"]
[Round "1.2"]
[White "Szabo, Mate"]
[Black "Burinda, Gabor"]
[Result "1-0"]
[WhiteElo "1820"]
[BlackElo "1772"]
[PlyCount "45"]
[EventDate "2014.09.28"]
[EventType "team-tourn"]
[EventRounds "7"]
[EventCountry "HUN"]
[SourceTitle "EXT 2016"]
[Source "ChessBase"]
[SourceDate "2015.10.08"]
[SourceVersion "1"]
[SourceVersionDate "2015.10.08"]
[SourceQuality "1"]
[WhiteTeam "Ozd"]
[BlackTeam "Szendro"]
[WhiteTeamCountry "HUN"]
[BlackTeamCountry "HUN"]

1. d4 d5 2. Bf4 e6 3. e3 Bd6 4. Bg3 Nf6 5. Nd2 Bxg3 6. hxg3 Nc6 7. Ngf3 Qe7 8. Bb5 Bd7 9. c3 a6 10. Bxc6 Bxc6 11. Ne5 Nd7 12. Ndf3 Nxe5 13. Nxe5 g6 14. Qf3 0-0 15. 0-0-0 Be8 16. Rh6 Qg5 17. Rdh1 Qf5 18. Rxh7 Ba4 19. Qe2 g5 20. b3 Bb5 21. Qh5 Rac8 22. Rh8+ Kg7 23. Qh6# 1-0

[Event "HUN-chT2 Barcza 1213"]
[Site "Hungary"]
[Date "2013.04.21"]
[Round "11.8"]
[White "Szabo, Mate"]
[Black "Duzs, Jozsef"]
[Result "1/2-1/2"]
[WhiteElo "1816"]
[BlackElo "2022"]
[PlyCount "31"]
[EventDate "2012.09.16"]
[EventType "team-tourn"]
[EventRounds "11"]
[EventCountry "HUN"]
[SourceTitle "EXT 2014"]
[Source "ChessBase"]
[SourceDate "2013.11.20"]
[SourceVersion "1"]
[SourceVersionDate "2013.11.20"]
[SourceQuality "1"]
[WhiteTeam "DEAC"]
[BlackTeam "Edeleny"]
[WhiteTeamCountry "HUN"]
[BlackTeamCountry "HUN"]

1. e4 e6 2. d4 d5 3. Nc3 Bb4 4. Bd3 dxe4 5. Bxe4 Nf6 6. Bf3 Nd5 7. Nge2 Nxc3 8. bxc3 Be7 9. c4 Nd7 10. c5 c6 11. 0-0 0-0 12. Be3 e5 13. dxe5 Nxe5 14. Nf4 Qxd1 15. Bxd1 Bg4 16. Bd4 1/2-1/2

[Event "HUN-chT2 Barcza 1112 "]
[Site "Hungary"]
[Date "2011.11.27"]
[Round "4"]
[White "Szabo, Mate"]
[Black "Lovas, Peter"]
[Result "1-0"]
[WhiteElo "1794"]
[BlackElo "1825"]
[PlyCount "115"]
[EventDate "2011.09.25"]
[EventType "team-tourn"]
[EventRounds "11"]
[EventCountry "HUN"]
[SourceTitle "EXT 2013"]
[Source "ChessBase"]
[SourceDate "2012.11.22"]
[SourceVersion "1"]
[SourceVersionDate "2012.11.22"]
[SourceQuality "1"]
[WhiteTeam "DEAC"]
[BlackTeam "Nadudvar"]
[WhiteTeamCountry "HUN"]
[BlackTeamCountry "HUN"]

1. d4 Nf6 2. c4 e6 3. Nc3 d5 4. e3 Be7 5. Nf3 0-0 6. cxd5 exd5 7. Be2 Bf5 8. 0-0 c6 9. Ne5 Nbd7 10. Bd3 Bxd3 11. Qxd3 Nxe5 12. dxe5 Ng4 13. f4 Bc5 14. h3 Nxe3 15. Bxe3 Bxe3+ 16. Qxe3 d4 17. Qg3 dxc3 18. Qxc3 Qb6+ 19. Kh1 Rad8 20. f5 Qd4 21. Qg3 Kh8 22. e6 Qf6 23. Rae1 fxe6 24. fxe6 Qxf1+ 25. Rxf1 Rxf1+ 26. Kh2 Rf6 27. e7 Re8 28. Qc7 Re6 29. Qxb7 R6xe7 30. Qxc6 Re6 31. Qc3 h6 32. b4 Rg6 33. Qd3 Rf6 34. Qd7 Rb8 35. b5 a6 36. Qa7 Rxb5 37. Qa8+ Kh7 38. Qe4+ Rg6 39. h4 h5 40. Qf3 Rg4 41. Qe3 Rg6 42. Qf3 a5 43. a4 Rc5 44. Qd3 Re5 45. Qf3 Rf6 46. Qd3+ Ref5 47. Kg3 Rg6+ 48. Kh3 Rf4 49. Qd5 Rfg4 50. Qxh5+ Kg8 51. Qxg4 Rxg4 52. Kxg4 Kf7 53. Kf5 g6+ 54. Kg5 Kg7 55. g4 Kf7 56. Kh6 Kf6 57. g5+ Kf7 58. Kh7 1-0

[Event "HUN-chT2 Barcza 1112 "]
[Site "Hungary"]
[Date "2011.10.30"]
[Round "2"]
[White "Szabo, Mate"]
[Black "Jakab, Mihaly"]
[Result "1/2-1/2"]
[WhiteElo "1794"]
[BlackElo "1884"]
[PlyCount "35"]
[EventDate "2011.09.25"]
[EventType "team-tourn"]
[EventRounds "11"]
[EventCountry "HUN"]
[SourceTitle "EXT 2013"]
[Source "ChessBase"]
[SourceDate "2012.11.22"]
[SourceVersion "1"]
[SourceVersionDate "2012.11.22"]
[SourceQuality "1"]
[WhiteTeam "DEAC"]
[BlackTeam "Balkany"]
[WhiteTeamCountry "HUN"]
[BlackTeamCountry "HUN"]

1. d4 d5 2. c4 e6 3. e3 Nf6 4. Nf3 Be7 5. Nc3 Nbd7 6. Bd3 a6 7. 0-0 dxc4 8. Bxc4 b5 9. Bd3 Bb7 10. a3 c5 11. b3 Rc8 12. Bb2 0-0 13. Qe2 Nb6 14. Rfd1 Qc7 15. dxc5 Qxc5 16. Rac1 Qh5 17. Nd4 Qxe2 18. Ncxe2 1/2-1/2

[Event "HUN-chT U18"]
[Site "Miskolc"]
[Date "2008.10.27"]
[Round "1.15"]
[White "Csiba, Dominik"]
[Black "Szabo, Mate"]
[Result "1-0"]
[WhiteElo "2169"]
[BlackElo "1779"]
[PlyCount "87"]
[EventDate "2008.10.27"]
[EventType "team-swiss"]
[EventRounds "8"]
[EventCountry "HUN"]
[SourceTitle "EXT 2016"]
[Source "ChessBase"]
[SourceDate "2015.10.08"]
[SourceVersion "1"]
[SourceVersionDate "2015.10.08"]
[SourceQuality "1"]

1. e4 e6 2. f4 d5 3. e5 c5 4. Nf3 Nc6 5. c3 d4 6. Bd3 Nge7 7. Be4 g6 8. d3 Bg7 9. Na3 0-0 10. 0-0 Rb8 11. Nc2 b6 12. Bd2 a5 13. Be1 Qd7 14. cxd4 Nxd4 15. Nfxd4 cxd4 16. Bf2 Ba6 17. Qf3 f5 18. exf6 Bxf6 19. Qh3 Rfd8 20. g4 Bb5 21. Bh4 Bxh4 22. Qxh4 Rf8 23. Rf3 Bc6 24. Rh3 Rf7 25. Re1 Bxe4 26. Rxe4 Nc6 27. Qg5 Rbf8 28. Na3 Qd5 29. Qh4 b5 30. b3 Qc5 31. Rxe6 Qc1+ 32. Qe1 Qxa3 33. Rxc6 Rxf4 34. Qe6+ R4f7 35. Rf3 Kg7 36. Qe5+ Kg8 37. Rxf7 Rxf7 38. Rc8+ Rf8 39. Qd5+ Kg7 40. Qxd4+ Kg8 41. Qd5+ Kg7 42. Rc7+ Kh6 43. g5+ Kh5 44. Rxh7+ 1-0